Geography Quiz

Random Geography or City Quiz
Score 0/18 Timer 04:00
0 Plays Today
Population (state) City % Correct
1,345,000 (TX)Dallas
88.4%
1,660,000 (AZ)Phoenix
86.8%
964,000 (TX)Austin
86.7%
872,000 (NC)Charlotte
66.9%
258,000 (WI)Madison
65.3%
164,000 (MS)Jackson
60.8%
287,000 (NE)Lincoln
57.4%
286,000 (FL)Orlando
53.1%
146,000 (GA)Savannah
42%
Population (state) City % Correct
374,000 (CO)Aurora
36.6%
200,000 (IL)Aurora
36.6%
161,000 (VA)Alexandria
22.4%
129,000 (NJ)Elizabeth
19.5%
257,000 (AZ)Chandler
16.3%
106,000 (TX)Tyler
14.4%
135,000 (MI)Warren
14.1%
111,000 (WA)Everett
9.4%
103,000 (TX)Allen
8.7%
Remove Ads.
Support Sporcle.
Get the best of Sporcle when you Go Orange. This ad-free experience offers more features, more stats, and more fun while also helping to support Sporcle. Thank you for becoming a member.

You're not logged in!

Compare scores with friends on all Sporcle quizzes.
OR
Log In

Sporcle TV

Today on Sporcle TV


Watch our educational content, quiz creation guides, and fun videos on Sporcle TV.

Show Comments

Extras

Top Quizzes Today


Score Distribution

Paid Content

Your Account Isn't Verified!

In order to create a playlist on Sporcle, you need to verify the email address you used during registration. Go to your Sporcle Settings to finish the process.

Report this User

Report this user for behavior that violates our Community Guidelines.

Details: